Visualizzazione normale
Vista MARC
- Schwartz E.
di Personal Name
Records bibliografici associati: 1
001 - CONTROL NUMBER
- control field: 23332
003 - CONTROL NUMBER IDENTIFIER
- control field: IT-RoPau
005 - DATE AND TIME OF LATEST TRANSACTION
- control field: 20140501105822.0
008 - FIXED-LENGTH DATA ELEMENTS
- fixed length control field: 140501|| aca||aabn | a|a d
040 ## - CATALOGING SOURCE
- Original cataloging agency: IT-RoPau
- Transcribing agency: IT-RoPau
100 ## - HEADING--PERSONAL NAME
- Personal name: Schwartz E.
- Miscellaneous information: Codice autore musica SPICS: 22337
- Relator term: Autore musica
- Name of part/section of a work: All Our Tomorrows - Two Wrongs - I Stand In Wonder
670 ## - SOURCE DATA FOUND
- Source citation: Work cat.: (IT-RoPau)99628: AA.VV. 794, Unchain My Heart (Lp 7482851)